000 00815nam a2200265Ia 4500
003 OSt
005 20220918174503.0
006 a|||||r|||| 00| 0
007 ta
008 220917b |||||||| |||| 00| 0 eng d
024 _a12,344
037 _cTextual
040 _aARTS
_cARTS
_beng
041 _2eng
_aeng
082 _aMY4, M1
100 _aSternlicht Manny
_950621
245 0 _aGames children play
_b Instructive and creative play activities for mentally retardes and developmentally disabled child
260 _aN York
_bVan Nostrand Reinhold
_c1981
300 _aix, 117p.
_ccm.
500 _aBibliography p.110-12
650 _aINDUSTRIAL ARTS
700 _a Hjrwitz Abraham
_950622
942 _hMY4, M1
_cTEXL
_2CC
999 _c153333
_d153333